000 00675nam a2200193 i 4500
001 25304
003 ES-MaACL
005 20260113174038.0
007 t|
008 021223s1963 sp ||||1| spa d
100 1 _aAranda Navarro, Jesús.
_922290
245 1 4 _aLos bienes comunales
_b: su concepto y naturaleza jurídica especial /
_cpor Jesús Aranda Navarro ; director de la tesis Manuel Francisco Clavero Arevalo.
260 _aMadrid :
_b[s.n.,
_c1963] (
_fImp. Rafael Taravilla)
300 _a86 p. ;
_c25 cm.
502 _aTesis doctoral.
700 1 _aClavero Arévalo, Manuel,
_d1926-
_939131
852 _aES-MaACL
_jC-24453
_bR.53156
999 _c25304
_d25304